000 01143naa a22003017a 4500
001 BR7502942
003 BR-BrBNA
005 20240918173736.0
007 ta
008 230509b bl.||||| |||| 00| 0 por d
040 _aBR-BrBNA
_bpor
_cBiblioteca Nacional de Agricultura
041 _a(Pt)
072 _aQ20
090 _aQ20 BR7502942
100 1 _aLima, L.P. de C.
245 1 _aElementos de microbiologia [Microrganismo, Biologia, Microbiologia industrial]
260 3 _aSao Paulo, SP (Brasil):
_bEd. Edgard Blucher,
_c1975.
500 _aLima, U. de A.; Aquarone, E.; Borzani, W. (eds.) Biotecnologia. Tecnologia das fermentacoes v. 1 Sao Paulo, SP (Brasil): Ed. Edgard Blucher, 1975. p. 1-18 (BR7502942-AM)Q20
650 _aMICROBIOLOGIA DE ALIMENTO
650 _aMICRORGANISMO
650 _aBACTERIA
650 _aFUNGO
650 _aLEVEDURA
650 _aMICROBIOLOGIA INDUSTRIAL
773 0 _tBiotecnologia. Tecnologia das fermentacoes v. 1
_aLima, U. de A.; Aquarone, E.; Borzani, W. (eds.)
_wQ20 BR7502942
_gSao Paulo, SP (Brasil), 1975. p. 1-18
909 _a202404
_bLucia
_c55
_dLucia Elande
942 _cAM
_2AGRIS
999 _c306577
_d306577